000
00339nam a22001577a 4500
003
SGT
020
_a
9789348385932
082
_a
615
_b
RAJ
100
_a
RAJE V.N
245
_a
COMMUNITY PHARMACY MANAGEMENT
250
_a
2ND
260
_a
INDIA
_b
CBS PUB
_c
2026
300
_a
227
650
_a
COMMUNITY PHARMACY
942
_2
ddc
_c
BK
999
_c
34451
_d
34451